000 00663nam a2200253Ia 4500
003 OSt
005 20220918223701.0
006 a|||||r|||| 00| 0
007 ta
008 220917b |||||||| |||| 00| 0 eng d
024 _a224,717
037 _cTextual
040 _aARTS
_cARTS
_beng
041 _2eng
_aeng
082 _aY73.4, P3
100 _aMackerras Colin Ed.
_9146367
245 0 _aEthnicity in Asia
260 _aLondon
_bRoutledge Curzon
_c2003
300 _axvi, 232p
_ccm.
490 _aAsia's transformations
650 _aSOCIOLOGY
942 _hY73.4, P3
_cTEXL
_2CC
999 _c279168
_d279168